<?xml version="1.0" encoding="UTF-8"?>
<record
    xmlns:xsi="http://www.w3.org/2001/XMLSchema-instance"
    xsi:schemaLocation="http://www.loc.gov/MARC21/slim http://www.loc.gov/standards/marcxml/schema/MARC21slim.xsd"
    xmlns="http://www.loc.gov/MARC21/slim">

  <leader>00902nam0a22002891  4500</leader>
  <controlfield tag="001">rc\2117151</controlfield>
  <controlfield tag="005">20250623015040.0</controlfield>
  <datafield tag="035" ind1=" " ind2=" ">
    <subfield code="a">(NLR Aleph) 006517252</subfield>
  </datafield>
  <datafield tag="090" ind1=" " ind2=" ">
    <subfield code="a">6392058</subfield>
    <subfield code="c">6392058</subfield>
  </datafield>
  <datafield tag="100" ind1=" " ind2=" ">
    <subfield code="a">20110826d1979    |||y0rusy50      ca</subfield>
  </datafield>
  <datafield tag="101" ind1="0" ind2=" ">
    <subfield code="a">rus</subfield>
  </datafield>
  <datafield tag="102" ind1=" " ind2=" ">
    <subfield code="a">RU</subfield>
  </datafield>
  <datafield tag="105" ind1=" " ind2=" ">
    <subfield code="a">y   z   |||||</subfield>
  </datafield>
  <datafield tag="200" ind1="1" ind2=" ">
    <subfield code="a">&#x411;&#x43B;&#x430;&#x433;&#x43E;&#x434;&#x430;&#x440;&#x44E; &#x441;&#x443;&#x434;&#x44C;&#x431;&#x443;</subfield>
    <subfield code="f">&#x422;&#x430;&#x442;&#x44C;&#x44F;&#x43D;&#x430; &#x410;&#x437;&#x43E;&#x432;&#x441;&#x43A;&#x430;&#x44F;</subfield>
  </datafield>
  <datafield tag="210" ind1=" " ind2=" ">
    <subfield code="a">&#x410;&#x43B;&#x43C;&#x430;-&#x410;&#x442;&#x430;</subfield>
    <subfield code="c">&#x416;&#x430;&#x43B;&#x44B;&#x43D;</subfield>
    <subfield code="d">1979</subfield>
  </datafield>
  <datafield tag="215" ind1=" " ind2=" ">
    <subfield code="a">31 &#x441;.</subfield>
    <subfield code="d">16</subfield>
  </datafield>
  <datafield tag="225" ind1="1" ind2=" ">
    <subfield code="a">&#x41F;&#x435;&#x440;&#x432;&#x430;&#x44F; &#x43A;&#x43D;&#x438;&#x433;&#x430; &#x43F;&#x43E;&#x44D;&#x442;&#x430;</subfield>
    <subfield code="v">[2]</subfield>
  </datafield>
  <datafield tag="309" ind1=" " ind2=" ">
    <subfield code="a">&#x412;&#x43B;&#x43E;&#x436;. &#x441; 5-&#x44E; &#x434;&#x440;. &#x43A;&#x43D;. &#x432; &#x43E;&#x431;&#x435;&#x440;&#x442;&#x43A;&#x443; &#x441; &#x437;&#x430;&#x433;&#x43B;. &#x441;&#x435;&#x440;.</subfield>
  </datafield>
  <datafield tag="686" ind1=" " ind2=" ">
    <subfield code="a">&#x428;5(2-&#x420;)75-65&#x44F;44</subfield>
    <subfield code="2">rubbk</subfield>
  </datafield>
  <datafield tag="700" ind1=" " ind2="1">
    <subfield code="a">&#x410;&#x437;&#x43E;&#x432;&#x441;&#x43A;&#x430;&#x44F;</subfield>
    <subfield code="b">&#x422;.&#x41D;.</subfield>
    <subfield code="g">&#x422;&#x430;&#x442;&#x44C;&#x44F;&#x43D;&#x430; &#x41D;&#x438;&#x43A;&#x43E;&#x43B;&#x430;&#x435;&#x432;&#x43D;&#x430;</subfield>
  </datafield>
  <datafield tag="801" ind1=" " ind2="0">
    <subfield code="a">RU</subfield>
    <subfield code="b">NLR</subfield>
    <subfield code="g">psbo</subfield>
  </datafield>
  <datafield tag="801" ind1=" " ind2="1">
    <subfield code="a">RU</subfield>
    <subfield code="b">ELAR</subfield>
    <subfield code="2">rusmarc</subfield>
  </datafield>
  <datafield tag="852" ind1=" " ind2=" ">
    <subfield code="a">NLR</subfield>
    <subfield code="j">80-2/1188</subfield>
  </datafield>
  <datafield tag="899" ind1=" " ind2=" ">
    <subfield code="a">RuMoRGB</subfield>
    <subfield code="j">B 80-13/230</subfield>
  </datafield>
  <datafield tag="899" ind1=" " ind2=" ">
    <subfield code="a">RuMoRGB</subfield>
    <subfield code="j">B 80-13/232</subfield>
  </datafield>
  <datafield tag="942" ind1=" " ind2=" ">
    <subfield code="c">BOOK</subfield>
  </datafield>
  <datafield tag="980" ind1=" " ind2=" ">
    <subfield code="a">NB</subfield>
  </datafield>
  <datafield tag="995" ind1=" " ind2=" ">
    <subfield code="5">2013-10-26</subfield>
    <subfield code="b">NLR01</subfield>
    <subfield code="c">NLR01</subfield>
    <subfield code="e">RF9</subfield>
    <subfield code="f">6517252-20</subfield>
    <subfield code="k">80-2/1188</subfield>
    <subfield code="o">0</subfield>
    <subfield code="r">BOOK</subfield>
    <subfield code="s">8021188_</subfield>
  </datafield>
</record>
